| 000 | 01189 a2200217 4500 | ||
|---|---|---|---|
| 001 | 22297 | ||
| 005 | 20260407155512.0 | ||
| 008 | 260407a1996 arg spa d | ||
| 003 | AR-UNSa-BCEJYS | ||
| 040 |
_aAR-UNSa-BCEJYS _bspa _cAR-UNSa-BCEJYS |
||
| 080 |
_a658.012.4 _xGestión. Dirección. Autoridad. Técnicas y métodos de gestión (gestión del conocimiento, Outsourcing, Benchmarking...) |
||
| 245 | 1 | 0 | _aEl control integrado de gestión |
| 020 | _a968-18-0238-1 | ||
| 264 | 1 |
_aMéxico : _bLimusa _c1996 |
|
| 300 |
_axv, 254 p. _c23 cm. |
||
| 505 | _a1. Un nuevo enfoque de la gestión - 2. La planificación como sistema - 3. Planificación integrada y standards de gestión - 4. El control como sistema - 5. Control integrado de gestión - 6. El cuadro de mando(I)- 7. El cuadro de mando (II) - 8. Evaluaciones de gestión - 9. La implementación de gestión - 10. La información como sistema - 11. Organización de la planificación y el control. | ||
| 942 | _cBK | ||
| 590 | _aniveau_biblio:m niveau_hierar:0 | ||
| 100 | 1 | _aBlanco Illescas, Francisco | |
| 856 | 4 | 1 |
_uhttps://biblioeco.unsa.edu.ar/pmb/images/libros/Control Integrado de Gesti?n.jpg _yImagen de portada _qimage/jpeg |
| 999 |
_c954 _d954 |
||